| 000 | 01190nam0a2200337 4500 | ||
|---|---|---|---|
| 001 | RU\NLR\bibl\1780906 | ||
| 005 | 20250616134716.0 | ||
| 010 |
_a978-5-17-060904-8 _bАСТ |
||
| 010 |
_a978-5-271-24570-1 _bАстрель |
||
| 010 |
_a978-5-4215-0671-3 _bПолиграфиздат _910000 |
||
| 021 |
_aRU _b2011-39716 _92829 |
||
| 035 | _a(NLR Aleph) 001771661 | ||
| 090 |
_a1641695 _c1641695 |
||
| 100 | _a20110617d2010 |||y0rusy50 ca | ||
| 101 | 0 | _arus | |
| 102 | _aRU | ||
| 105 | _aa ||||||||| | ||
| 200 | 1 |
_aОрнаменты и декоративные мотивы _fН.Н. Севостьянова |
|
| 210 |
_aМосква _cАСТ [и др.] _d2010 |
||
| 215 |
_a30 с. _cил., цв. ил. _d24 |
||
| 225 | 1 | _aДля дома для семьи | |
| 300 | _aНа обл. авт. не указан | ||
| 606 | 1 |
_aОрнаменты _92247440 _3RU\NLR\auth\661348248 |
|
| 606 | 1 |
_aРукоделие _91538148 _3RU\NLR\auth\66971683 |
|
| 686 | _aМ48 | ||
| 700 | 1 |
_aСевостьянова _bН. Н. _gНадежда Николаевна _4070 |
|
| 801 | 0 |
_aRU _bNLR _c20110617 _gRCR |
|
| 801 | 1 |
_aRU _bNLR _c20110617 |
|
| 830 | _aАвт. по кн. | ||
| 942 | _cBOOK | ||
| 980 | _aNB | ||